=LDR 00000nam 2200000 4500 =001 INLIS000000000022982 =005 20130612121701 =008 ***********************************Ind** =035 ##$$0010-061300000022982 =041 ##$$a Ind =082 ##$$a 813 =090 ##$$a 813, Ruk k =100 ##$$a Rukandi, Fattina Diyanissa =245 ##$$a Kecil-kecil punya karya, the NoEru Group, Fattina Diyanissa Rakandi =260 ##$$a 2004 $b Bandung =300 ##$$a 80 hlm, ilus, 21 cm =650 ##$$a Cerita - Indonesia =850 ##$$a NBPNMAT